| 000 | 00824cab a2200217 4500 | ||
|---|---|---|---|
| 001 | ABS38065 | ||
| 008 | 090401t1987 xxu||||| |||| 00| 0 eng d | ||
| 035 | _a(Sirsi) u8507 | ||
| 041 | _aeng | ||
| 100 | _aYoung, R.K. | ||
| 245 | 3 | _aAn independent rented sector in Scotland | |
| 260 | _c1987 | ||
| 350 | _a0 | ||
| 490 |
_aMunicipal Journal _v95(35) 28 August 1987, 1584-1585(2) |
||
| 520 | _aThe Government is proposing to create a Scottish Homes agency which it hopes will stimulate the growth of a new and independent rented sector. In this article, the Director of the Housing Corporation in Scotland, describes the ways in which the agency should achieve its objective. | ||
| 650 | _aCOUNCIL HOUSING | ||
| 650 | _aPRIVATE RENTED SECTOR | ||
| 690 |
_aBlock management _96220 |
||
| 942 | _n0 | ||
| 948 | _c04/03/1997 | ||
| 999 |
_c5250 _d5250 |
||